000
00250nam a2200109Ia 4500
008
200302s9999 xx 000 0 und d
100
_a
Marta Serrats & Other
245
_a
Club Design
260
_b
Daab Gmbh Published
260
_c
2009
300
_a
384
999
_c
3363
_d
3363